| 000 | 00735nam a22002057a 4500 | ||
|---|---|---|---|
| 999 |
_c18117 _d18117 |
||
| 003 | AR-CdUCM | ||
| 008 | 190511b ||||| |||| 00| 0 spa d | ||
| 040 |
_aMUNICIPALIDAD PROVINCIAL DEL CUSCO _cBIBLIOTECA MUNICIPAL DEL CUSCO |
||
| 082 |
_28ed. _a868.6 / _bP42 |
||
| 100 |
_aPeman, Jose Maria _938514 |
||
| 245 |
_aPoesía : _bnueva antología 1917-1965 / |
||
| 260 |
_aMadrid : _bEscelicer, _c1965. |
||
| 300 |
_a293 páginas ; _c20 cm. |
||
| 440 |
_aColección _n21 _938515 |
||
| 505 | _aPoesías de juventud -- De la vida sencilla -- A la rueda, rueda -- Segundo cancionero -- Homenajes -- Al barrio de santa Cruz... | ||
| 650 |
_aPoesías. _92272 |
||
| 650 |
_aAntología poética. _93092 |
||
| 942 |
_2ddc _cLIBROS |
||
| 945 | _awfj | ||